Premiers Etats, premières écritures - 6ème - Statistiques

Statistiques générales
  • Ce quiz a été pris 205 fois
  • Le résultat moyen est 7 sur 10
Statistiques - réponses
Question Réponse % Correct
Quel était le nom donné au roi d'Egypte ? Le pharaon
93%
Comment appelle t-on une religion croyant en plusieurs dieux ? Polythéisme
91%
Quels sont les deux fleuves qui délimitent la Mésopotamie ? Le Tigre et l'Euphrate
86%
Comment appelle t-on la personne qui écrit les hiéroglyphes en Egypte ancienne ? Le scribe
85%
Quel évenement marque le début de l'Histoire ? Le début de l'écriture
84%
Comment appelle t-on la boîte dans laquelle les souverains reposent après leurs morts ? Le sarcophage
76%
Quel est l'animal protecteur du pharaon ? Le cobra
64%
À quoi ne servaient pas les hiéroglyphes ? À imprimer des journaux
58%
De quel héros le premier récit littéraire au monde écrit vers -3 000 raconte t-il les aventures ? Gilgamesh
54%
Que signifie le mot Mésopotamie Pays entre les fleuves
43%
Aucun quiz correspondant
Distribution des résultats
% des personnes avec chaque résultat
Percentile par nombre de réponses
Votre historique - résultats
Vous n’avez pas pris ce quiz